An Introduction to Nonlinear Finite Element Analysis (Record no. 5690)

MARC details
000 -LEADER
fixed length control field 00338nam a2200133Ia 4500
008 - FIXED-LENGTH DATA ELEMENTS--GENERAL INFORMATION
fixed length control field 191201s2008 xx 000 0 und d
082 ## - DEWEY DECIMAL CLASSIFICATION NUMBER
Classification number 624.17
Item number REI
100 ## - MAIN ENTRY--PERSONAL NAME
Personal name REDDY,JN
245 #0 - TITLE STATEMENT
Title An Introduction to Nonlinear Finite Element Analysis
260 ## - PUBLICATION, DISTRIBUTION, ETC. (IMPRINT)
Place of publication, distribution, etc N. Delhi
Name of publisher, distributor, etc Oxford
Date of publication, distribution, etc 2008
300 ## - PHYSICAL DESCRIPTION
Extent 463
650 ## - SUBJECT ADDED ENTRY--TOPICAL TERM
Topical term or geographic name as entry element B.Tech(CE)
942 ## - ADDED ENTRY ELEMENTS (KOHA)
Source of classification or shelving scheme Dewey Decimal Classification
Koha item type Text Books
Holdings
Withdrawn status Lost status Source of classification or shelving scheme Damaged status Not for loan Collection code Home library Current library Date acquired Source of acquisition Cost, normal purchase price Bill Number Total Checkouts Full call number Acc. no. / Barcode Date last seen Bill Date Koha item type
    Dewey Decimal Classification     B.Tech(CE) PIET C-LIBRARY PIET C-LIBRARY 14/05/2013 IBH, New Delhi 425.00 1209   624.171 REN 22213 04/12/2019 09/05/2013 Text Books
    Dewey Decimal Classification     B.Tech(CE) PIET C-LIBRARY PIET C-LIBRARY 14/05/2013 IBH, New Delhi 425.00 1209   624.171 REN 22214 04/12/2019 09/05/2013 Text Books
    Dewey Decimal Classification     B.Tech(CE) PIET C-LIBRARY PIET C-LIBRARY 14/05/2013 IBH, New Delhi 425.00 1209   624.171 REN 22215 04/12/2019 09/05/2013 Text Books
    Dewey Decimal Classification     B.Tech(CE) PIET C-LIBRARY PIET C-LIBRARY 14/05/2013 IBH, New Delhi 425.00 1209   624.171 REN 22216 04/12/2019 09/05/2013 Text Books
    Dewey Decimal Classification     B.Tech(CE) PIET C-LIBRARY PIET C-LIBRARY 14/05/2013 IBH, New Delhi 425.00 1209   624.171 REN 22217 14/03/2023 09/05/2013 Text Books

Design & Developed by: PIET Central Library
R70 Miles Stone Pattikalyana Samalkha Panipat 132102
mail ID :- [email protected], Phone No:- 0180-2569700 Ex.216